000 00818nam a2200241Ia 4500
003 GCL
008 140319s9999 xx 000 0 ara d
040 _aGCL /
_cGCL
082 0 4 _a913.3
_bص ر
100 1 _aصلاح الدين على الشامى
245 1 0 _aالرحلة: عين الجغرافيا المبصرة فى الدراسة الميدانية /
_cصلاح الدين على الشامى
260 _a[S.N] :
_bمنشاة المعارف الاسلامية ،
_c1982
300 _a301
490 _aالكتب الجغرافية
_v0
650 0 4 _aالجغرافيا
650 0 4 _aالرحالة
650 0 4 _aالعالم
650 0 4 _aالمستكشفون
650 0 4 _aالجغرافيون
650 0 4 _aوصف ورحلات
650 0 4 _aالكشوف الجغرافية
942 _2ddc
_cBK
999 _c32072
_d32072